Runaway : stories / Alice Munro.
Available copies
- 2 of 2 copies available at LARL/NWRL Consortium.
Current holds
0 current holds with 2 total copies.
Show Only Available Copies
| Location | Call Number / Copy Notes | Barcode | Shelving Location | Status | Due Date |
|---|---|---|---|---|---|
| Crookston Public Library | Mun (Text) | 33500008099574 | Main | Available | - |
| Moorhead Public Library | Mun (Text) | 33500008099517 | Main | Available | - |
Record details
- ISBN: 140004281X
- Physical Description: 335 p. ; 22 cm.
- Edition: 1st ed.
- Publisher: New York : Knopf, 2004.
Search for related items by subject
| Subject: | Women > Fiction. |
| LDR | 00837cam a22002658a 4500 | ||
|---|---|---|---|
| 001 | 53699 | ||
| 003 | LARL_NWRL_CONSORTIUM | ||
| 005 | 20041012110137.0 | ||
| 008 | 040305s2004 nyu 000 1 eng | ||
| 010 | . | ‡a2004046539 | |
| 020 | . | ‡a140004281X | |
| 035 | . | ‡a(OCoLC)54694714 | |
| 040 | . | ‡aDLC ‡cDLC | |
| 082 | 0 | 0. | ‡a813/.54 ‡222 |
| 100 | 1 | . | ‡aMunro, Alice. ‡0(LARL_NWRL_CONSORTIUM)57832 |
| 245 | 1 | 0. | ‡aRunaway : ‡bstories / ‡cAlice Munro. |
| 250 | . | ‡a1st ed. | |
| 260 | . | ‡aNew York : ‡bKnopf, ‡c2004. | |
| 300 | . | ‡a335 p. ; ‡c22 cm. | |
| 650 | 0. | ‡aWomen ‡vFiction. | |
| 901 | . | ‡a53699 ‡bOCLC ‡c53699 ‡tbiblio | |

Add to basket
Permalink
Disable Highlighting